000 00652nam a22002172 4500
001 0000012663
005 20151021151123.0
008 090304s xx 000 0 eng d
020 _a0511031722 :
040 _aKABU
_cKABU
100 1 _aStott, John.
_@0000149359
245 1 0 _aNew issues facing christians today /
_cJohn Stott.
250 _aRev. ed.
260 _aGand Rapids, MI. :
_bZondervan,
_c1999.
300 _axvii, 478 p.
650 0 _aChristian sociology.
_@0000169547
650 0 _aChurch and social problems.
_@0000169548
852 1 _9p1200 KES
908 _a090304
950 _@1
999 _c872
_d872